000 00491cam a22002054a 4500
005 20250605164318.0
008 250528s ||||||||||||||||||||||||d
035 _a22776
020 _a9780077096267
040 _aGR-AtMCL
_bgre
_dGR-AtMCL
_eAACR2
245 1 _aINFORMATION SYSTEMS DEVELOPMENT
250 _a3
260 _bMcgraw Hill,
_c2003
300 _a592
700 1 _aAvison David
_91496
700 1 _aFitzgerald G
_91497
942 _cBK
999 _c7821
_d7821